01970nam a2200265Ia 4500001000600000003000900006008004100015040001300056040001300069041001300082100001800095100002900113240002800142240003500170245011200205245011000317250001100427260001100438260001200449260004900461300005700510500108100567650002501648650003101673H0553IT-RoPAU130308s9999 xx 000 0 und d aIT-RoPAU cIT-RoPAU aITALIANO aFumaroli Marc gCodice Aut. SPICS: 6380 aAGE DE L'ELOQUENCE (L') gCodice Tit. Orig. Spics: T3299 a"Età dell'eloquenza (L'). Retorica e ""Res literaria"" dal Rinascimento alle soglie dell'epoca classica" b"Eta' dell'Eloquenza (L'). Retorica e ""Res Literaria"" dal Rinascimento Alle Soglie dell'Epoca Classica" a1a ed. aMILANO bAdelphi c2002 [1° Ed.:2002 - Ed.Ling.Originale:1980] a"846 p. (prefazione: no ; testo: 846 [pagine: 0-0])" a"Prima Parte: Roma e la Disputa del Ciceronianismo: Aetas Ciceroniana: Cielo delle Idee Retorico: Cicerone, Seneca, Tacito, S. Agostino; splendore e Declino della Prima rinascita Ciceroniana; Concilio di Trento e riforma dell'Eloquenza Sacra; Teorici Gesuiti del Ciceronianismo Religioso. seconda Parte: dal molteplice All'Uno e Stili Gesuitici: Gesuiti e Gallicani, una Rivalità Oratoria; Gesuiti Francesi e Sofistica Sacra; Apogeo e crepuscolo della Sofistica Sacra; Avversari Gesuiti della Corruzione dell'Eloquenza. parte Terza: Stile di Parlamento: Eloquenza parlamentare e Repubblica delle lettere nel XVI Secolo; magistratura Oratoria del Palazzo; Prima Mediazione Classica: Dall'Avvocato All'Uomo di Lettere, Aventino della Parola Gallicana,Parnaso dell'Eloquenza Reale. Conclusione: Dall'Accademia di Christophe Dethou All'Academie Francaise. Conclusione Generale: le Due Retoriche: Retorica Gesuitica delle pitture (1604 1644); Sviluppo, Declino e Trasfigurazione della Retorica delle Citazioni. indice dei Nomi. Retorica: Arte di Parlarbene; Arte di Persuadere." aSAGGI DI LINGUISTICA eCodice materia Spics: 3207